| 000 | 00618nam 22002053 4500 | ||
|---|---|---|---|
| 001 | 199417 | ||
| 010 | _a978-989-23-5797-3 | ||
| 021 | _b515257/23 | ||
| 090 | _a199417 | ||
| 100 | _a20251205d u||y0pory50 ba | ||
| 200 |
_aOs senhores do tempo _fEva García Saénz de Urturi _gtraduzido do espanhol por Patrícia Cascão |
||
| 205 | _a1ª | ||
| 210 |
_aAlfragide _cLua de Papel _d2023 |
||
| 215 |
_aVol. 1 (542 p.) _cbrochado _d23 cm |
||
| 606 |
_98 _aLiteratura Espanhola |
||
| 675 |
_a821.134.2 _vPT _zpor |
||
| 700 |
_915249 _aUrturi _bEva G.Sáenz de |
||
| 801 |
_aPT _bBMMN _gRPC |
||
| 830 |
_cFernando _fFernando |
||
| 990 | _cLIVROS | ||